000
00324nam a2200121Ia 4500
008
240624s9999 xx 000 0 und d
041
_a
eng
082
_a
338.064 BRY
100
_a
BRYCE ROBERT
245
_a
SMALLER FASTER LIGHTER DENSER CHEAPER HO
260
_a
Innovation Keeps Proving the Catastrophists
365
_c
_b
25
999
_c
30168
_d
30168